Reflexiones sobre una antropología de las sociedades complejas /

Guardat en:
Dades bibliogràfiques
Autor principal: Montero, Paula
Format: Desconegut
Idioma:Spanish
Matèries:
Etiquetes: Afegir etiqueta
Sense etiquetes, Sigues el primer a etiquetar aquest registre!

MARC

LEADER 000000000a22000000004500
001 004183
041 0 |a spa 
100 1 |a Montero, Paula 
245 1 0 |a Reflexiones sobre una antropología de las sociedades complejas /   |c Paula Montero. 
650 4 |a ANTROPOLOGIA 
650 4 |a SOCIEDAD 
650 4 |a CULTURA 
773 0 |t Iztapalapa  |g volumen 24, número 11 (1991), páginas 27-45 
942 |c ARC 
999 |c 11298  |d 11298